000 00345nam a22001457a 4500
005 20250321045125.0
008 250321b |||||||| |||| 00| 0 eng d
082 _222
_a891
_bAMM
100 _aForki, M
245 _aAmma
260 _aMoscow
_bPrakathi prakasana manthiriya
300 _aXV, 383 p .,
500 _aA story of Mother
942 _cL
999 _c5998
_d5998